<?xml version="1.0" encoding="UTF-8"?>
<record
    xmlns:xsi="http://www.w3.org/2001/XMLSchema-instance"
    xsi:schemaLocation="http://www.loc.gov/MARC21/slim http://www.loc.gov/standards/marcxml/schema/MARC21slim.xsd"
    xmlns="http://www.loc.gov/MARC21/slim">

  <leader>01051cam a22002897a 4500</leader>
  <datafield tag="999" ind1=" " ind2=" ">
    <subfield code="c">330826</subfield>
    <subfield code="d">330826</subfield>
  </datafield>
  <controlfield tag="001">15086467</controlfield>
  <controlfield tag="003">NUST</controlfield>
  <controlfield tag="005">20170810124243.0</controlfield>
  <controlfield tag="008">071119s2007    pk            000 0 pan  </controlfield>
  <datafield tag="010" ind1=" " ind2=" ">
    <subfield code="a">  2007376393</subfield>
  </datafield>
  <datafield tag="020" ind1=" " ind2=" ">
    <subfield code="a">9789694962832</subfield>
  </datafield>
  <datafield tag="040" ind1=" " ind2=" ">
    <subfield code="a">DLC</subfield>
    <subfield code="c">DLC</subfield>
  </datafield>
  <datafield tag="041" ind1="1" ind2=" ">
    <subfield code="a">pan</subfield>
    <subfield code="a">eng</subfield>
    <subfield code="h">pan</subfield>
  </datafield>
  <datafield tag="042" ind1=" " ind2=" ">
    <subfield code="a">lcode</subfield>
  </datafield>
  <datafield tag="050" ind1="0" ind2="0">
    <subfield code="a">MLCSA 2007/01059 (P)</subfield>
  </datafield>
  <datafield tag="082" ind1=" " ind2=" ">
    <subfield code="a">891.4391</subfield>
    <subfield code="b">HUS</subfield>
  </datafield>
  <datafield tag="100" ind1="0" ind2=" ">
    <subfield code="a">Shah Husain,</subfield>
    <subfield code="d">1539-1599.</subfield>
    <subfield code="9">3889</subfield>
  </datafield>
  <datafield tag="240" ind1="1" ind2="0">
    <subfield code="a">Poems.</subfield>
    <subfield code="k">Selections</subfield>
  </datafield>
  <datafield tag="245" ind1="1" ind2="0">
    <subfield code="a">M&#x101;&#x2BC;e n&#x12B;, k&#x101;fiy&#x101;n&#x332; Sh&#x101;h &#x1E24;usain :</subfield>
    <subfield code="b">Panj&#x101;b&#x12B; matn ma&#x2BB;a Angrez&#x12B; tarjamah /</subfield>
    <subfield code="c">Angrez&#x12B; tarjamah, G&#x332;h&#x332;ul&#x101;m Ya&#x2BB;q&#x16B;b Anvar ; murattib, Shafqat Tanv&#x12B;r Mirz&#x101;.</subfield>
  </datafield>
  <datafield tag="246" ind1="1" ind2="5">
    <subfield code="a">Maaye nee</subfield>
  </datafield>
  <datafield tag="260" ind1=" " ind2=" ">
    <subfield code="a">Islamabad:</subfield>
    <subfield code="b">Dost Pabl&#x12B;keshanz,</subfield>
    <subfield code="c">2007.</subfield>
  </datafield>
  <datafield tag="300" ind1=" " ind2=" ">
    <subfield code="a">442 p. ;</subfield>
    <subfield code="c">22 cm.</subfield>
  </datafield>
  <datafield tag="500" ind1=" " ind2=" ">
    <subfield code="a">Poems.</subfield>
  </datafield>
  <datafield tag="546" ind1=" " ind2=" ">
    <subfield code="a">Original text in Panjabi (Arabic script) with parallel translation in English.</subfield>
  </datafield>
  <datafield tag="650" ind1=" " ind2=" ">
    <subfield code="a">Urdu Literature- Poems</subfield>
    <subfield code="9">1989</subfield>
  </datafield>
  <datafield tag="700" ind1="1" ind2=" ">
    <subfield code="a">Mirz&#x101;, Shafqat Tanv&#x12B;r,</subfield>
    <subfield code="d">1932-2012.</subfield>
    <subfield code="9">3890</subfield>
  </datafield>
  <datafield tag="880" ind1=" " ind2=" ">
    <subfield code="6">100-01\(3\r</subfield>
    <subfield code="a">&#x634;&#x627;&#x6C1; &#x62D;&#x633;&#x6CC;&#x646;</subfield>
  </datafield>
  <datafield tag="880" ind1=" " ind2=" ">
    <subfield code="6">245-02\(3\r</subfield>
    <subfield code="a">&#x645;&#x627;&#x626;&#x6D2; &#x646;&#x6CC;:</subfield>
    <subfield code="b">&#x634;&#x627;&#x6C1; &#x62D;&#x633;&#x6CC;&#x646; &#x62F;&#x6CC;&#x627;&#x6BA; 193 &#x6A9;&#x627;&#x641;&#x6CC;&#x627;&#x6BA;</subfield>
    <subfield code="c">&#x645;&#x631;&#x62A;&#x628;: &#x634;&#x641;&#x642;&#x62A; &#x62A;&#x646;&#x648;&#x6CC;&#x631; &#x645;&#x631;&#x632;&#x627;</subfield>
  </datafield>
  <datafield tag="880" ind1=" " ind2=" ">
    <subfield code="6">260-03\(3\r</subfield>
    <subfield code="a">&#x627;&#x633;&#x644;&#x627;&#x645; &#x622;&#x628;&#x627;&#x62F;:</subfield>
    <subfield code="b">&#x62F;&#x648;&#x633;&#x62A; &#x67E;&#x628;&#x644;&#x6CC; &#x6A9;&#x6CC;&#x634;&#x646;&#x632;&#x60C;</subfield>
    <subfield code="c">2007</subfield>
  </datafield>
  <datafield tag="906" ind1=" " ind2=" ">
    <subfield code="a">7</subfield>
    <subfield code="b">cbc</subfield>
    <subfield code="c">origode</subfield>
    <subfield code="d">4</subfield>
    <subfield code="e">ncip</subfield>
    <subfield code="f">20</subfield>
    <subfield code="g">y-gencatlg</subfield>
  </datafield>
  <datafield tag="942" ind1=" " ind2=" ">
    <subfield code="2">ddc</subfield>
    <subfield code="c">BK</subfield>
  </datafield>
  <datafield tag="952" ind1=" " ind2=" ">
    <subfield code="0">0</subfield>
    <subfield code="1">0</subfield>
    <subfield code="2">ddc</subfield>
    <subfield code="4">0</subfield>
    <subfield code="7">0</subfield>
    <subfield code="8">FIC</subfield>
    <subfield code="a">CL</subfield>
    <subfield code="b">CL</subfield>
    <subfield code="c">FIC</subfield>
    <subfield code="d">2017-08-10</subfield>
    <subfield code="l">2</subfield>
    <subfield code="o">891.4391 HUS</subfield>
    <subfield code="p">CL2786</subfield>
    <subfield code="r">2024-03-06</subfield>
    <subfield code="s">2019-04-10</subfield>
    <subfield code="t">1</subfield>
    <subfield code="w">2017-08-10</subfield>
    <subfield code="y">BK</subfield>
  </datafield>
</record>
